Auditing : (Record no. 10526)

MARC details
000 -LEADER
fixed length control field 00907cam a22002894a 4500
090 ## - LOCALLY ASSIGNED LC-TYPE CALL NUMBER (OCLC); LOCAL CALL NUMBER (OCLC)
-- 0
001 - CONTROL NUMBER
control field 14695413
005 - DATE AND TIME OF LATEST TRANSACTION
control field 20201128013502.0
008 - FIXED-LENGTH DATA ELEMENTS--GENERAL INFORMATION
fixed length control field 070112s2007 ohua b 001 0 eng
010 ## - LIBRARY OF CONGRESS CONTROL NUMBER
LC control number 2006906043
020 ## - INTERNATIONAL STANDARD BOOK NUMBER
International Standard Book Number 9780324313185 (hbk.)
020 ## - INTERNATIONAL STANDARD BOOK NUMBER
International Standard Book Number 0324313187 (hbk.)
040 ## - CATALOGING SOURCE
Original cataloging agency DLC
Transcribing agency DLC
050 00 - LIBRARY OF CONGRESS CALL NUMBER
Classification number HF5667
Item number .K533 2007
082 ## - DEWEY DECIMAL CLASSIFICATION NUMBER
Classification number 657.45
Item number KNE
100 1# - MAIN ENTRY--PERSONAL NAME
Personal name Knechel, W. Robert.
245 10 - TITLE STATEMENT
Title Auditing :
Remainder of title Assurance & Risk /
Statement of responsibility, etc W. Robert Knechel, Steven E. Salterio, Brian Ballou.
250 ## - EDITION STATEMENT
Edition statement 3rd ed.
260 ## - PUBLICATION, DISTRIBUTION, ETC. (IMPRINT)
Place of publication, distribution, etc Mason, OH :
Name of publisher, distributor, etc Thomson/South-Western,
Date of publication, distribution, etc c2007.
300 ## - PHYSICAL DESCRIPTION
Extent xxix, 857 p. :
Other physical details ill. ;
Dimensions 27 cm.
504 ## - BIBLIOGRAPHY, ETC. NOTE
Bibliography, etc Includes bibliographical references and index.
650 #0 - SUBJECT ADDED ENTRY--TOPICAL TERM
Topical term or geographic name as entry element Auditing.
700 ## - ADDED ENTRY--PERSONAL NAME
9 (RLIN) 1903
Personal name Ballou, Brian
700 ## - ADDED ENTRY--PERSONAL NAME
9 (RLIN) 1902
Personal name Salterio, Steven E.
942 ## - ADDED ENTRY ELEMENTS (KOHA)
Source of classification or shelving scheme Dewey Decimal Classification
Item type Book - Borrowing
Holdings
Withdrawn status Item status Source of classification or shelving scheme Damaged status Not for loan Vendor Home library Current library Shelving location Date acquired Source of acquisition Cost, normal purchase price Serial Enumeration / chronology Total Checkouts Full call number Barcode Date last seen Koha item type
    Dewey Decimal Classification     Alahram Central Library Central Library First floor 29/01/2009   371.20 06462   657.45 KNE 000014402 15/07/2025 Book - Borrowing